000 00594nam a2200193 i 4500
001 59028
003 ES-MaACL
007 t|
008 031027s1984 sp ||||1| spa d
245 0 0 _aEducación especial /
_cJosé Gisbert Alós ... [et al.].
250 _a[4ª reimp.].
260 _a[Madrid] :
_bCincel,
_c[1984]
300 _a493 p. ;
_c25 cm.
490 1 _aBiblioteca de psicología y educación ;
_v8
700 1 _aGisbert Alos, José.
_9202290
830 0 _aBiblioteca de psicología y educación ;
_v8
_9230498
852 _aES-MaACL
_jL-6716
_bR.107796
999 _c59028
_d59028